000 01753nam a2200241Ia 4500
999 _c55442
_d55442
001 22524
003 GE_BSU
005 20210329152430.0
008 181216s2017||||ge |||||||||||||| ||geo||
040 _cGE_BSU
041 _ageo
080 _a33 ვ-21
100 _aვარშანიძე, თამთა
_910792
245 _aეფექტური საკუთრებითი ურთიერთობების ინფრასტრუქტურის ფორმირების შესაძლებლობები და ბიზნეს გლობალიზაციის თანამედროვე ტენდენციები /
_c თამთა ვარშანიძე; მეცნ. ხელმძღვ. რ. მანველიძე; ბათუმის შოთა რუსთაველის სახ-ფო უნ-ტი. ეკონომიკისა და ბიზნესის ფაკულტეტი.
264 _aბათუმი,
_c2017.
300 _a196 გვ.
_b30 სმ.
504 _aბიბლიოგრ. გვ. 183-189
653 _aეკონომიკა, ბიზნესი
653 _aეფექტური საკუთრებითი ურთიერთობების ინფრასტრუქტურის ფორმირების შესაძლებლობები და ბიზნეს გლობალიზაციის თანამედროვე ტენდენციები
653 _aდისერტაცია
700 _aმანველიძე, რ.
_eმეცნ. ხელმძღვანელი
_910484
942 _cBK
_2udc